MARC

LEADER 00000nam0a2200000 4500
001 230747
005 20231101231027.0
010 |a 5278000813 
035 |a (RuTPU)RU\TPU\book\251706 
090 |a 230747 
100 |a 20130124d1989 m y0rusy5003 ca 
101 0 |a rus 
102 |a RU 
105 |a a z 000ay 
200 1 |a Четыре четверти пути  |e стихи и проза  |f В. С. Высоцкий  |g авт. предисл. А. Е. Крылов 
210 |a Москва  |c Физкультура и спорт  |d 1989 
215 |a 285 с.  |c ил. 
600 1 |a Высоцкий  |g Владимир Семенович  |b В. С.  |c русский поэт  |f 1938-1980  |c актер  |c автор и исполнитель песен  |2 stltpush  |3 (RuTPU)RU\TPU\pers\1409 
606 1 |a Русская литература современная  |2 stltpush  |3 (RuTPU)RU\TPU\subj\26373  |9 50316 
610 1 |a советская литература 
610 1 |a авторская песня 
610 1 |a воспоминания 
610 1 |a поэзия 
610 1 |a записки 
675 |a Р2  |v 3 
700 1 |a Высоцкий  |b В. С.  |c русский поэт  |c актер  |c автор и исполнитель песен  |f 1938-1980  |g Владимир Семенович  |2 stltpush  |3 (RuTPU)RU\TPU\pers\1409  |4 070  |9 622 
702 1 |a Крылов  |b А. Е.  |g Андрей Евгеньевич  |4 080 
801 2 |a RU  |b 63413507  |c 20220111  |g RCR 
942 |c BK